| 000 | 01223cam a22003135a 4500 | ||
|---|---|---|---|
| 001 | 017836099 | ||
| 003 | EG-ScBUE | ||
| 005 | 20220717100311.0 | ||
| 008 | 160415s2016 enk f 000 0 eng d | ||
| 020 | _a9781316503966 | ||
| 040 |
_aStDuBDS _beng _erda _cStDuBDS _dEG-ScBUE |
||
| 082 | 0 | 4 |
_222 _bCAM _a428.0076 |
| 110 | 2 |
_aCambridge English Language Assessment (Organisation) _eauthor. _941794 |
|
| 245 | 1 | 0 |
_aCambridge English IELTS 11 Academic with answers : _bauthentic examination papers / _cUniversity of Cambridge. Cambridge English Language Assessment. |
| 264 | 1 |
_aCambridge : _bCambridge University Press, _c2016. |
|
| 300 |
_a144 pages ; _c25 cm. |
||
| 336 |
_2rdacontent _atext _btxt |
||
| 337 |
_2rdamedia _aunmediated _bn |
||
| 338 |
_2rdacarrier _avolume _bnc |
||
| 490 | 0 | _aIELTS practice tests | |
| 500 | _aIncludes Internet access. | ||
| 650 | 7 |
_aEnglish language _xBusiness English. _vProblems, exercises, etc. _2BUEsh _923274 |
|
| 650 | 7 |
_aEnglish language _xSpoken English _vProblems, exercises, etc. _2BUEsh _910347 |
|
| 650 | 7 |
_aInternational English Language Testing System _vStudy guides. _2BUEsh _936012 |
|
| 651 | _2BUEsh | ||
| 653 | _bHHUUEENN | ||
| 655 |
_vReading book _934232 |
||
| 942 |
_2ddc _cBB |
||
| 999 |
_c24891 _d24863 |
||